Điện Biên Phủ : thư mục sách báo tạp chí (trong nước)
Sách tập hợp gồm các tài liệu báo chí, sách bằng được xuất bản trong nước viết về chiến thắng lịch sử Điện Biện Phủ
Zapisane w:
| 1. autor: | |
|---|---|
| Format: | Książka |
| Język: | Undetermined |
| Wydane: |
Hà Nội
Chính trị Quốc gia
2004
|
| Etykiety: |
Dodaj etykietę
Nie ma etykietki, Dołącz pierwszą etykiete!
|
| Thư viện lưu trữ: | Trung tâm Học liệu Trường Đại học Cần Thơ |
|---|
| LEADER | 00832nam a2200229Ia 4500 | ||
|---|---|---|---|
| 001 | CTU_61907 | ||
| 008 | 210402s9999 xx 000 0 und d | ||
| 020 | |b 76000 | ||
| 020 | |c 76000 | ||
| 082 | |a 016.9597041 | ||
| 082 | |b N104 | ||
| 100 | |a Đỗ, Gia Nam | ||
| 245 | 0 | |a Điện Biên Phủ : | |
| 245 | 0 | |b thư mục sách báo tạp chí (trong nước) | |
| 245 | 0 | |c Đỗ Gia Nam (Chủ biên) | |
| 260 | |a Hà Nội | ||
| 260 | |b Chính trị Quốc gia | ||
| 260 | |c 2004 | ||
| 520 | |a Sách tập hợp gồm các tài liệu báo chí, sách bằng được xuất bản trong nước viết về chiến thắng lịch sử Điện Biện Phủ | ||
| 904 | |a Hạ Nguyên | ||
| 904 | |i H. Mai | ||
| 980 | |a Trung tâm Học liệu Trường Đại học Cần Thơ | ||